00698 2200265 4500001002100000005001500021035002000036245008400056100001200140250000600152300003500158700001700193260003300210082001000243084001600253020002200269650002200291990001700313990001700330990001700347990001700364990001700381990001700398990001700415INLIS00000000000030120180926042330 a0010-09180001551 aArti Sumpah Pemuda dan Aplikasinya di Masa Kini /cSunarti;Editor, Epik Finilih0 aSunarti a- aiv, 60 hlm. :bilus. ;c25 cm.0 aEpik Finilih aDepok :bCV Arya Duta,c2011 a959.8 a959.8 SUN a a978-979-094-148-9 aSejarah Indonesia a01279/H/2018 a01280/H/2018 a01281/H/2018 a01282/H/2018 a01283/H/2018 a01284/H/2018 a01285/H/2018